000
00205 a2200097 4500
001
32572
100
_a
Wali, M
245
_a
Mayfair INN
260
_a
Peshawar
_b
Spinzer Printers
_c
090
_c
21788
_d
21788
942
_a
NUST-CAE
_c
M
_c
13100
999
_c
267645
_d
267645